Name All Drake songs - Statistics

General Stats
  • This quiz has been taken 192 times
  • The average score is 86 of 320
Answer Stats
Album Track # Answer % Correct
Take Care 5 Take Care (feat. Rihanna)
73%
Thank Me Later 4 Over
68%
Take Care 3 Headlines
66%
Scorpion 5 God's Plan
64%
Views 20 Hotline Bling
61%
$ome $exy $ongs 4 U 13 NOKIA
61%
Take Care 6 Marvins Room
59%
Views 12 One Dance (feat. Wizkid & Kyla)
59%
Take Care 1 Over My Dead Body
59%
More Life 3 Passionfruit
59%
Views 2 9
57%
So Far Gone 10 Best I Ever Had
57%
$ome $exy $ongs 4 U 1 CN TOWER
57%
Her Loss 1 Rich Flex
54%
Thank Me Later 7 Fancy (feat. Swizz Beatz & T.I.)
53%
Nothing Was The Same 1 Tuscan leather
53%
Views 19 Views
53%
Honestly Nevermind 14 Jimmy Cooks (feat. 21 Savage)
51%
Take Care 19 The Motto (feat. Lil Wayne)
51%
Thank Me Later 1 Fireworks (feat. Alicia Keys)
50%
Nothing Was The Same 8 Hold On We're Going Home (feat. Majid Jordan)
50%
Certified Lover Boy 1 Champagne Poetry
49%
Take Care 4 Crew Love (feat. The Weeknd)
49%
If Your'e Reading This It's Too Late 16 Jungle
49%
Nothing Was The Same 13 Pound Cake / Paris Morton Music 2 (feat. Jay-Z)
48%
Take Care 18 The Ride
48%
Take Care 12 Cameras
47%
Certified Lover Boy 6 Fair Trade (feat. Travis Scott)
47%
Certified Lover Boy 3 Girls Want Girls (Feat. Lil Baby)
47%
Dark Lane Demo Tapes 4 Not You Too (feat. Chris Brown)
47%
Take Care 2 Shot For Me
47%
For All The Dogs 1 Virginia Beach
47%
Dark Lane Demo Tapes 3 Chicago Freestyle (feat. GIVĒON)
46%
Views 4 Feel No Ways
45%
For All The Dogs 6 First Person Shooter (feat. J.Cole)
45%
Honestly Nevermind 8 Massive
45%
For All The Dogs: Scary Hours Edition 6 You Broke My Heart
45%
Views 11 Controlla
44%
Nothing Was The Same 7 From Time (feat. Jhené Aiko)
43%
Her Loss 7 Hours In Silence
43%
Take Care 16 HYFR (Hell Ya Fucking Right) (Feat. Lil Wayne)
43%
Take Care 15 Look What You''ve Done
43%
For All The Dogs 20 Rich Baby Daddy (feat. Sexxy Red & SZA)
43%
Dark Lane Demo Tapes 5 Toosie Slide
43%
If Your'e Reading This It's Too Late 2 Energy
42%
What A Time To Be Alive 9 Jumpman
42%
Scorpion 16 Nice For What
42%
For All The Dogs 17 8am in Charlotte
41%
More Life 22 Do Not Disturb
41%
So Far Gone 2 Houstatlantavegas
41%
Scorpion 21 In My Feelings
41%
Take Care 11 Lord Knows (feat. Rick Ross)
41%
Take Care 17 Practice
41%
Honestly Nevermind 7 Sticky
41%
Certified Lover Boy 8 TSU
41%
If Your'e Reading This It's Too Late 17 6PM IN New York
40%
Scorpion 15 Jaded
40%
Thank Me Later 3 The Resistance
40%
Take Care 8 Under Ground Kings
40%
Certified Lover Boy 13 Knife Talk (feat. 21 Savage & Project Pat)
39%
For All The Dogs 9 Slime You Out (feat. SZA)
39%
Nothing Was The Same 3 Started From The Bottom
39%
Care Package 4 Trust issues
38%
Care Package 8 5AM In Toronto
37%
Views 1 Keep The Family Close
37%
Take Care 7 Buried Alive Interlude (feat. Kendrick Lamar)
36%
Nothing Was The Same 14 Come Thru
36%
Views 18 Fire & Desire
36%
Nothing Was The Same 2 Furthest Thing
36%
$ome $exy $ongs 4 U 9 GIMME A HUG
36%
If Your'e Reading This It's Too Late 1 Legend
36%
$ome $exy $ongs 4 U 2 MOTH BALLS
36%
Views 16 Too Good (feat. Rihanna)
36%
Nothing Was The Same 12 Too Much
36%
For All The Dogs 2 Amen (feat. Teezo Touchdown)
35%
Certified Lover Boy 10 Pipe Down
35%
More Life 14 Teenage Fever
35%
Honestly Nevermind 3 Texts Go Green
35%
Scary Hours 2 2 Wants and Needs (feat. Lil Baby)
35%
Certified Lover Boy 11 Yebba's Heartbreak (feat. Yebba)
35%
For All The Dogs 7 IDGAF (feat. Yeat)
34%
Her Loss 12 Middle Of The Ocean
34%
Her Loss 3 On BS
34%
If Your'e Reading This It's Too Late 8 Star67
34%
For All The Dogs: Scary Hours Edition 2 Stories About My Brother
34%
Nothing Was The Same 16 The Motion
34%
Care Package 2 The Motion
34%
Certified Lover Boy 7 Way 2 Sexy (feat. Future & Young Thug)
34%
Thank Me Later 11 Miss Me (feat. Lil Wayne)
33%
Views 7 Redemption
33%
If Your'e Reading This It's Too Late 7 6 God
32%
Take Care 13 Doing It Wrong
32%
Thank Me Later 13 Find Your Love
32%
Honestly Nevermind 9 Flight's Booked
32%
So Far Gone 1 Lust For Life
32%
Scorpion 2 Nonstop
32%
Dark Lane Demo Tapes 10 Pain 1993 (feat. Playboi Carti)
32%
Scorpion 10 Sandra's Rose
32%
$ome $exy $ongs 4 U 5 SPIDER-MAN SUPERMAN
32%
Views 6 Weston Road Flows
32%
What A Time To Be Alive 10 30 for 30 Freestyle
31%
Views 14 Child's Play
31%
$ome $exy $ongs 4 U 20 GREEDY
31%
Thank Me Later 14 Thank Me Now
31%
Take Care 14 The Real Her (feat. André 3000 & Lil Wayne)
31%
For All The Dogs 11 Tried Our Best
31%
Nothing Was The Same 4 Wu-Tang Forever
31%
More Life 8 4422 (feat. Sampha)
30%
Dark Lane Demo Tapes 6 Desires (feat. Future)
30%
For All The Dogs 13 Drew A Picasso
30%
If Your'e Reading This It's Too Late 4 Know Yourself
30%
Scary Hours 2 3 Lemon Pepper Freestyle (feat. Rick Ross)
30%
Take Care 10 Make Me Proud (feat. Nicki Minaj)
30%
Certified Lover Boy 9 N 2 Deep (feat. Future)
30%
Certified Lover Boy 2 Papi's Home
30%
More Life 11 Portland (feat. Quavo & Travis Scott)
30%
If Your'e Reading This It's Too Late 9 Preach (feat. PARTYNEXTDOOR)
30%
Her Loss 10 Pussy & Millions (feat. Travis Scott)
30%
Thank Me Later 8 Shut It Down (feat. The Dream)
30%
$ome $exy $ongs 4 U 15 SOMEBODY LOVES ME
30%
Her Loss 6 Spin Bout U
30%
If Your'e Reading This It's Too Late 15 You & The 6
30%
Care Package 7 4pm in Calabasas
29%
Nothing Was The Same 15 All Me (feat. 2 Chainz & Big Sean)
29%
$ome $exy $ongs 4 U 4 CRYING IN CHANEL
29%
Her Loss 15 I Guess It's Fuck Me
29%
If Your'e Reading This It's Too Late 12 6 Man
28%
For All The Dogs 5 Daylight
28%
What A Time To Be Alive 4 Diamonds Dancing
28%
Scorpion 22 Don't Matter To Me (feat. Michael Jackson)
28%
Scorpion 4 Emotionless
28%
Honestly Nevermind 1 Intro
28%
Thank Me Later 2 Karaoke
28%
Take Care 9 We'll Be Fine (feat. Birdman)
28%
Scary Hours 2 1 What's Next
28%
Nothing Was The Same 11 305 To My City (feat. Detail)
27%
100 GIGS 1 Circadian Rhythm
27%
If Your'e Reading This It's Too Late 14 Company (feat. Travis Scott)
27%
Certified Lover Boy 20 F*****g Fans
27%
Dark Lane Demo Tapes 14 War
27%
For All The Dogs 10 Bahamas Promises
26%
Thank Me Later 12 Cece's Interlude
26%
Her Loss 9 Circo Loco
26%
Care Package 12 Club Paradise
26%
More Life 20 Fake Love
26%
More Life 1 Free Smoke
26%
Certified Lover Boy 17 Get Along Better (feat. Ty Dolla $ign)
26%
100 GIGS 2 It's Up (Feat. Young Thug & 21 Savage)
26%
Her Loss 13 Jumbotron Shit Poppin
26%
If Your'e Reading This It's Too Late 6 Madonna
26%
Her Loss 5 Privileged Rappers
26%
$ome $exy $ongs 4 U 10 RAINING IN HOUSTON
26%
$ome $exy $ongs 4 U 3 SOMETHING ABOUT YOU
26%
Views 17 Summers Over Interlude (feat. Majid Jordan)
26%
Dark Lane Demo Tapes 7 Time Flies
26%
For All The Dogs: Scary Hours Edition 5 Evil Ways (feat. J.Cole)
25%
Certified Lover Boy 5 Love All (feat. Jay-Z)
25%
So Far Gone 5 November 18th
25%
Scorpion 14 Summer Games
25%
Views 3 U With Me?
25%
Certified Lover Boy 18 You Only Live Twice (feat. Lil Wayne & Rick Ross)
25%
Scorpion 7 8 Out Of 10
24%
Nothing Was The Same 9 Connect
24%
Scorpion 17 Finesse
24%
More Life 5 Get it Together (feat. Black Coffee & Jorja Smith)
24%
More Life 9 Gyalchester
24%
Nothing Was The Same 5 Own It
24%
For All The Dogs: Scary Hours Edition 1 Red Button
24%
Thank Me Later 6 Up All Night (feat. Nicki Minaj)
24%
More Life 7 Blem
23%
So Far Gone 14 Bria's Interlude (feat. Omarion)
23%
What A Time To Be Alive 1 Digital Dash
23%
For All The Dogs 19 Gently (feat. Bad Bunny)
23%
So Far Gone 6 Ignant Shit (feat. Lil Wayne)
23%
So Far Gone 3 Successful (feat. Trey Songz & Lil Wayne)
23%
Thank Me Later 9 Unforgettable (feat. Jeezy)
23%
For All The Dogs: Scary Hours Edition 4 Wick Man
23%
For All The Dogs 8 7969 Santa
22%
For All The Dogs 22 Away From Home
22%
Care Package 17 Can I
22%
$ome $exy $ongs 4 U 16 CELIBACY
22%
Scorpion 3 Elevate
22%
Views 13 Grammys (Feat. Future)
22%
Certified Lover Boy 4 In The Bible (Feat. Lil Durk & GIVĒON)
22%
Thank Me Later 10 Light Up (feat. Jay-Z)
22%
So Far Gone 9 Little Bit (feat. Lykke Li)
22%
Dark Lane Demo Tapes 11 Losses
22%
Her Loss 2 Major Distribution
22%
Certified Lover Boy 12 No Friends In The Industry
22%
Care Package 16 Paris Morton Music
22%
$ome $exy $ongs 4 U 7 PIMMIE'S DILEMMA (feat. Pim)
22%
Thank Me Later 5 Show Me A Good Time
22%
$ome $exy $ongs 4 U 6 SMALL TOWN FAME
22%
Nothing Was The Same 10 The language
22%
For All The Dogs 15 What Would Pluto Do
22%
Views 8 With You (feat. PARTYNEXTDOOR)
22%
Certified Lover Boy 14 7am On Bridle Path
21%
Scorpion 9 Can't Take A Joke
21%
Honestly Nevermind 2 Falling Back
21%
Singles Family Matters
21%
Certified Lover Boy 19 IMY2 (feat. Kid Cudi)
21%
So Far Gone 16 Outro (feat. Chilly Gonzales)
21%
What A Time To Be Alive 6 Plastic Bag
21%
For All The Dogs 23 Polar Opposites
21%
Scorpion 18 Ratchet Happy Birthday
21%
Scorpion 1 Survival
21%
If Your'e Reading This It's Too Late 10 Wednesday Night Interlude (feat. PARTYNEXTDOOR)
21%
If Your'e Reading This It's Too Late 3 10 Bands
20%
Her Loss 11 Broke Boys
20%
For All The Dogs 3 Calling For You (feat. 21 Savage)
20%
Certified Lover Boy 16 Fountains (feat. Tems)
20%
Dark Lane Demo Tapes 12 From Florida With Love
20%
More Life 15 KMT (feat. Giggs)
20%
Honestly Nevermind 13 Liability
20%
If Your'e Reading This It's Too Late 5 No Tellin'
20%
If Your'e Reading This It's Too Late 13 Now & Forever
20%
Scorpion 20 Blue Tint
19%
Scorpion 25 March 14
19%
Singles Money In The Grave (feat. Rick Ross)
19%
Her Loss 14 More M's
19%
Singles Push Ups
19%
Singles Search & Rescue
19%
Certified Lover Boy 21 The Remorse
19%
Honestly Nevermind 5 A Keeper
18%
Her Loss 4 BackOutsideBoyz
18%
What A Time To Be Alive 2 Big Rings
18%
So Far Gone 18 Congratulations
18%
Honestly Nevermind 4 Currents
18%
Dark Lane Demo Tapes 1 Deep Pockets
18%
Dark Lane Demo Tapes 13 Demons (feat. Fivio Foreign & Sosa Geek)
18%
For All The Dogs 4 Fear Of Heights
18%
More Life 21 Ice Melts (feat. Young Thug)
18%
Scorpion 6 I'm Upset
18%
Care Package 11 Jodeci Freestyle (feat. J.Cole)
18%
So Far Gone 4 Let's Call It Off (feat. Peter Bjorn and John)
18%
More Life 16 Lose You
18%
Honestly Nevermind 10 Overdrive
18%
Views 15 Pop Style
18%
What A Time To Be Alive 5 Scholarships
18%
More Life 10 Skepta Interlude
18%
Scorpion 19 That's How You Feel
18%
So Far Gone 12 Uptown (feat. Bun B & Lil Wayne
18%
For All The Dogs 18 BBL Love Interlude
17%
Care Package 6 Draft Day
17%
Care Package 3 How Bout Now
17%
Singles Laugh Now Cry Later (feat. LilDurk)
17%
Scorpion 11 Talk Up (feat. Jay-Z)
17%
For All The Dogs: Scary Hours Edition 3 The Shoe Fits
17%
Dark Lane Demo Tapes 2 When To Say When
17%
For All The Dogs 16 All The Parties (feat. Cheif Keef)
16%
For All The Dogs 21 Another Late Night (feat. Lil Yachty)
16%
Dark Lane Demo Tapes 9 D4L (feat. Future & Young Thug)
16%
Views 9 Faithful (Feat. dvsn & Pimp C)
16%
Care Package 15 Girls Love Beyoncé (feat. James Fauntleroy)
16%
$ome $exy $ongs 4 U 18 GLORIOUS
16%
100 GIGS 3 Housekeeping Knows (feat. Latto)
16%
Views 5 Hype
16%
For All The Dogs 14 Members Only (feat. PARTYNEXTDOOR)
16%
Scorpion 8 Mob Ties
16%
Scorpion 13 Peak
16%
So Far Gone 8 Say What's Real
16%
Views 10 Still Here
16%
So Far Gone 15 The Calm
16%
If Your'e Reading This It's Too Late 11 Used To (feat. Lil Wayne
16%
Nothing Was The Same 6 Worst Behaviour
16%
What A Time To Be Alive 8 Change Locations
15%
Care Package 5 Days In The East
15%
Care Package 13 Free Spirit (feat. Rick Ross)
15%
More Life 4 Jorja's Interlude
15%
$ome $exy $ongs 4 U 11 LASERS
15%
More Life 13 Nothings Into Somethings
15%
Thank Me Later 15 9AM In Dallas
14%
Singles Back To Back
14%
Care Package 1 Dreams Money Can Buy
14%
Care Package 9 I Get Lonely
14%
What A Time To Be Alive 7 I'm The Plug
14%
Scorpion 12 Is There More
14%
Dark Lane Demo Tapes 8 Landed
14%
What A Time To Be Alive 3 Live From The Gutter
14%
More Life 6 Madiba Riddim
14%
Her Loss 8 Treacherous Twins
14%
$ome $exy $ongs 4 U 19 WHEN HE'S GONE
14%
Singles Signs
13%
More Life 19 Since Way Back (feat. PARTYNEXTDOOR)
13%
Singles 0 To 100 / The Catch Up
12%
So Far Gone 7 A Night Off (feat. Lloyd)
12%
So Far Gone 17 Brand New
12%
Honestly Nevermind 6 Calling My Name
12%
More Life 17 Can't Have Everything
12%
Scorpion 24 Final Fantasy
12%
Scorpion 23 After Dark (feat. Static Major & Ty Dolla $ign)
11%
Singles Omertà
11%
More Life 12 Sacrifices (feat. 2 Chainz & Young Thug)
11%
For All The Dogs 12 Screw The World Interlude
11%
Singles Charged Up
9%
Singles Life Is Good (feat. Future)
9%
Singles Right Hand
9%
So Far Gone 13 Sooner Than Later
9%
So Far Gone 11 Unstoppable (feat. Santigold & Lil Wayne)
9%
$ome $exy $ongs 4 U 8 BRIAN STEELE
8%
Singles Diplomatic immunity
8%
Honestly Nevermind 11 Down Hill
7%
Singles Look Alive (feat. BlocBoy JB)
7%
Care Package 10 My Side
7%
Singles Summer Sixteen
7%
Honestly Nevermind 12 Tie That Binds
7%
Singles Greece
6%
$ome $exy $ongs 4 U 17 OMY
5%
Singles The Heart Pt. 6
4%
Singles Behind Barz
3%
$ome $exy $ongs 4 U 14 DIE TRYING (feat. Yebba)
3%
More Life 18 Glow (feat. Kanye West)
3%
Certified Lover Boy 15 Race On My Mind
3%
Singles Sideways (feat. Gordo)
2%
Singles Taylor Made Freestyle
2%
Singles Healing (feat. Gordo)
1%
Care Package 14 Heart Of The Moment
1%
$ome $exy $ongs 4 U 12 MEET YOUR PADRE (feat. Chino Pacas)
1%
More Life 2 No Long Talks (feat. Giggs)
1%
Singles OTR Freestyle (feat. Central Cee)
1%
No matching quizzes found
Score Distribution
Percent of People with Each Score
Percentile by Number Answered
Your Score History
You have not taken this quiz